01220cam a22003134a 45000010009000000050017000090080041000260100015000670200031000820200015001130400028001280820017001561000037001732450141002102500041003512600071003923000051004635000023005145000024005375040031005616500023005926500032006156530025006476550024006727000038006969420017007349990017007519520138007681643733720141123125107.0100827t2011 xxuadk frb 001 0 eng d a2010036607 a9780071742825 (alk. paper) a0071742824 aDLCcDLCdDLCdEG-ScBUE00a001222bPHI1 aPhillips, Jack J.,d1945-93664914aThe consultant's scorecard :btracking ROI and bottom-line impact of consulting projects /cJack J. Phillips, Patricia Pulliam Phillips. a2nd ed.,bfully revised and updated. aNew York, United States :bMcGraw-Hill,cc.2011f(Acid-Free Paper) axxi, 264 p. :bcharts, forms, tables ;c24 cm. aIncludes appendix. aIndex : p. 255-264. aBibliography : p. 253-254. 0aConsultants936650 0aBusiness consultants936651 bBUSADMcNovember2014 vreading book9342321 aPhillips, Patricia Pulliam936652 2ddck001 PHI c18662d18634 00102ddc40708BaccahaMAINbMAINcLOWd2014-11-23epurchaseg196.00h20677l0o001 PHIp000037044r2025-07-15 00:00:00v245.00yBB